Operativa de tancament de l'exercici
Publicado:
Barcelona :
Diputació de Barcelona. Àrea d'Hisenda i Recursos Interns. Intervenció General. Servei d'Assistència a la Gestió Econòmica Local ,
2013
Descripción Física:
77 p. ; 30 cm.
Materias:
Pressupostos -- Manuals, guies, etc.
Idioma:
Catalán
MARC
| LEADER | 00000nam a22000007a 4500 | ||
|---|---|---|---|
| 001 | 25107 | ||
| 008 | 211229b spa||||| |||| 00| 0 cat d | ||
| 100 | |a Arza Macia, Carles |9 2254 | ||
| 245 | |a Operativa de tancament de l'exercici | ||
| 260 | |a Barcelona : |b Diputació de Barcelona. Àrea d'Hisenda i Recursos Interns. Intervenció General. Servei d'Assistència a la Gestió Econòmica Local ; |c 2013 | ||
| 300 | |a 77 p. ; |c 30 cm. | ||
| 500 | |a Edició febrer 2013 | ||
| 650 | 0 | |9 45191 |a Pressupostos |x Manuals, guies, etc. | |
| 710 | 1 | |a Barcelona (Catalunya : Província). |b Servei d’Assistència a la Gestió Econòmica Local |9 53081 | |
| 710 | |a Barcelona (Catalunya : Província). |b Intervenció General |9 53816 | ||
| 942 | |2 udc |c ARXIU |n 1 | ||
| 952 | |0 0 |1 0 |4 0 |6 BIB380 |7 1 |9 60932 |a Arxiu |b Arxiu |d 2021-12-29 |l 0 |o Bib-380 |p 25107 |r 2021-12-29 00:00:00 |w 2021-12-29 |y ARXIU | ||
| 999 | |c 81057 |d 81057 | ||